Locally Easterly Capitals - Statistics

General Stats
  • This quiz has been taken 25 times
  • The average score is 10 of 19
Answer Stats
N Capital City % Correct
18 Kiev
83%
19 Moscow
83%
17 Minsk
78%
17 Seoul
78%
19 Brasilia
67%
17 Pyongyang
61%
20 Apia
56%
19 Paramaribo
56%
19 Port Louis
56%
18 Antananarivo
50%
18 Georgetown
44%
18 Bridgetown
39%
18 Chisinau
39%
18 Montevideo
39%
17 Suva
39%
18 Funafuti
28%
19 Nuku'alofa
28%
17 Castries
22%
17 Asuncion
11%
No matching quizzes found
Score Distribution
Percent of People with Each Score
Percentile by Number Answered
Your Score History
You have not taken this quiz